| 000 | 00810cam a22001694a 4500 | ||
|---|---|---|---|
| 005 | 20250605164400.0 | ||
| 008 | 250528s ||||||||||||||||||||||||d | ||
| 035 | _a24547 | ||
| 040 |
_aGR-AtMCL _bgre _dGR-AtMCL _eAACR2 |
||
| 245 | 1 | _aΜοναδοποιημένα Φορτία - Συνδυασμένες Μεταφορές Εμπορευμάτων | |
| 260 |
_aΑθήνα _bΣυμμετρία, _c1990 |
||
| 520 | _aΕισαγωγή, Μέθοδοι Μοναδοποίησης των Φορτίων και Είδη Μεταφορικών Μονάδων, Μέασα Μεταφοράς Μοναδοποιημένων Φορτίων, Τερματικές Εγκαταστάσεις, Βιβλιογραφία. | ||
| 700 | 1 |
_aΑμπακουμκίν Κ. Γ _99466 |
|
| 942 | _cBK | ||
| 999 |
_c9424 _d9424 |
||